00334 2200133 4500001002100000005001500021035002000036245004800056100001600104260003600120082000800156084001400164990002200178INLIS00000000000246220250604104739 a0010-06250000481 aHabis Gelap Terbitlah Terang /cArmiyn Pane0 aArmiyn Pane aJakarta :bBalai Pustaka,c2000 a800 a800 ARM h a000115 s/d 000117